| 000 | 00877nam a22002297a 4500 | ||
|---|---|---|---|
| 999 |
_c7403 _d7403 |
||
| 003 | AR-CdUCM | ||
| 008 | 190320b ||||| |||| 00| 0 spa d | ||
| 040 |
_aMUNICIPALIDAD PROVINCIAL DEL CUSCO _cBIBLIOTECA MUNICIPAL DEL CUSCO |
||
| 082 |
_a631.361 / _bAL34 |
||
| 100 |
_aAlcazar Ortega, Flavio _920873 |
||
| 245 |
_aTractor agricola : _bPartes y funciones / |
||
| 260 |
_aCusco : _c2007. |
||
| 300 |
_a290 paginas ; _c21 cm. |
||
| 505 | _aTractor agrícola -- Historia del tractor -- Materiales de construcción del tractor -- Componentes básicos del tractor -- Marcas y modelos de tractores agrícolas... | ||
| 650 |
_aTractor agrícola _920874 |
||
| 650 |
_aInyección de motores _920875 |
||
| 650 |
_aFunciones del tractor _920876 |
||
| 700 |
_aRosales Huallpa, Flavio _920877 |
||
| 700 |
_aIzquierdo Yepez, Eduardo M. _920878 |
||
| 942 |
_2ddc _cLIBROS |
||
| 945 | _awnts | ||